000
002740000a22000970004500
100
1
_a
Penkower, Jordan S.
245
1
0
_a
The chapter divisions in the 1525 Rabbinic Bible
300
_a
Vol. 48, Num. 3 (Julio, 1998), Páginas 350-374
773
0
_t
Vetus Testamentum
942
_c
ANA
999
_c
58213
_d
58213